<?xml version="1.0" encoding="UTF-8"?>
<record
    xmlns:xsi="http://www.w3.org/2001/XMLSchema-instance"
    xsi:schemaLocation="http://www.loc.gov/MARC21/slim http://www.loc.gov/standards/marcxml/schema/MARC21slim.xsd"
    xmlns="http://www.loc.gov/MARC21/slim">

  <leader>     nam a22     7a 4500</leader>
  <datafield tag="999" ind1=" " ind2=" ">
    <subfield code="c">259214</subfield>
    <subfield code="d">259214</subfield>
  </datafield>
  <controlfield tag="003">IT-MiCISF</controlfield>
  <controlfield tag="008">161220b        xxu||||| |||| 00| 0 eng d</controlfield>
  <datafield tag="040" ind1=" " ind2=" ">
    <subfield code="c">IT-MiCISF</subfield>
  </datafield>
  <datafield tag="041" ind1=" " ind2=" ">
    <subfield code="a">it</subfield>
  </datafield>
  <datafield tag="100" ind1=" " ind2=" ">
    <subfield code="a">Schockenhoff Eberhard</subfield>
    <subfield code="9">56087</subfield>
  </datafield>
  <datafield tag="245" ind1=" " ind2=" ">
    <subfield code="a">La chiesa e i divorziati risposati</subfield>
    <subfield code="b">Questioni aperte</subfield>
  </datafield>
  <datafield tag="260" ind1=" " ind2=" ">
    <subfield code="a">Brescia</subfield>
    <subfield code="b">Queriniana</subfield>
    <subfield code="c">2014</subfield>
  </datafield>
  <datafield tag="300" ind1=" " ind2=" ">
    <subfield code="a">pp. 258</subfield>
  </datafield>
  <datafield tag="500" ind1=" " ind2=" ">
    <subfield code="a">chiesa, nuove-nozze, pastorale-familiare, magistero, bibbia, divorzio, diritto-canonico</subfield>
  </datafield>
  <datafield tag="520" ind1=" " ind2=" ">
    <subfield code="a">Secondo l&#x2019;Autore, teologo moralista tedesco, la Chiesa, dovrebbe offrire un triplice aiuto ai credenti interessati dal fallimento del proprio matrimonio o alle persone risposate in cerca di una riconciliazione con la storia della loro vita: accelerare il procedimento ecclesiastico di nullit&#xE0;; ammettere, a condizioni accessibili, ai sacramenti; tollerare un secondo matrimonio civile come via d&#x2019;uscita responsabile dal vicolo cieco prodotto dalla rottura del primo matrimonio. Prima ancora che papa Francesco formulasse il problema a livello magisteriale, la morale cattolica aveva gi&#xE0; affrontato il tema dei divorziati risposati nel contesto di una teologia del fallimento. Di qui nasce questo saggio, il cui scopo &#xE8; quello di intravedere delle aperture, delle possibilit&#xE0; concrete per essere riaccolti nella Chiesa. </subfield>
  </datafield>
  <datafield tag="650" ind1=" " ind2=" ">
    <subfield code="a">pastorale-familiare</subfield>
    <subfield code="9">56039</subfield>
  </datafield>
  <datafield tag="654" ind1=" " ind2=" ">
    <subfield code="a">saggio</subfield>
  </datafield>
  <datafield tag="942" ind1=" " ind2=" ">
    <subfield code="2">ddc</subfield>
    <subfield code="c">BK</subfield>
  </datafield>
  <datafield tag="952" ind1=" " ind2=" ">
    <subfield code="0">0</subfield>
    <subfield code="1">0</subfield>
    <subfield code="2">ddc</subfield>
    <subfield code="4">0</subfield>
    <subfield code="6">A_2163_000000000000000</subfield>
    <subfield code="7">1</subfield>
    <subfield code="a">CISF</subfield>
    <subfield code="b">CISF</subfield>
    <subfield code="d">2016-12-20</subfield>
    <subfield code="l">0</subfield>
    <subfield code="o">a2163</subfield>
    <subfield code="p">9788839908728</subfield>
    <subfield code="r">2016-12-20 00:00:00</subfield>
    <subfield code="w">2016-12-20</subfield>
    <subfield code="y">BK</subfield>
  </datafield>
</record>
